[Event "Dhaka New White Plus op"]
[Site "Dhaka"]
[Date "2002.04.08"]
[Round "10"]
[White "Kabir, S Ruhul"]
[Black "Hamid, Rani"]
[Result "1-0"]
[WhiteElo "2189"]
[BlackElo "2116"]
[PlyCount "119"]
[EventDate "2002.03.30"]
[EventType "swiss"]
[EventRounds "11"]
[EventCountry "BAN"]
[SourceTitle "CBM 087 Extra"]
[Source "ChessBase"]
[SourceDate "2002.05.03"]
[SourceVersion "2"]
[SourceVersionDate "2002.08.09"]
[SourceQuality "1"]

1. e4 c5 2. Nc3 Nc6 3. f4 d6 4. Nf3 e6 5. Bc4 Nf6 6. d3 Be7 7. 0-0 a6 8. a4 0-0 9. Qe1 d5 10. Ba2 dxe4 11. Nxe4 Nd4 12. Nxd4 Qxd4+ 13. Be3 Qxb2 14. Bb3 Nxe4 15. dxe4 Qf6 16. e5 Qf5 17. Qa5 c4 18. Bxc4 Qxc2 19. Rac1 Qe4 20. Rfe1 Bd7 21. Bd2 Qg6 22. Re3 Rfc8 23. Bd3 Rxc1+ 24. Bxc1 Qg4 25. Rf3 Bc6 26. h3 Qh4 27. Rf2 Rd8 28. Qc3 Bxa4 29. Be3 Bc6 30. Kh2 f5 31. Bb6 Bb4 32. Qb3 Rd5 33. Bc4 Be1 34. g3 Qh5 35. Rc2 Bd2 36. Rb2 a5 37. Rb1 Bb4 38. Rb2 Bd2 39. Rb1 Bb4 40. Rb2 Bd2 41. Rb1 g5 42. Qd1 g4 43. Qf1 gxh3 44. Bxd5 Bxd5 45. Ra1 Bc3 46. Rc1 Bb4 47. Rc8+ Kf7 48. Rc7+ Kg6 49. Rc8 Bc6 50. Bd8 a4 51. Bf6 Qf3 52. Qxf3 Bxf3 53. Rc4 Be1 54. Rxa4 Bg2 55. Ra1 Bc3 56. Rc1 Ba5 57. Rc5 Bb6 58. Rc8 h5 59. Re8 Bd5 60. Re7 1-0

[Event "Dhaka New White Plus op"]
[Site "Dhaka"]
[Date "2002.04.06"]
[Round "8"]
[White "Mishra, Neeraj Kumar"]
[Black "Kabir, S Ruhul"]
[Result "1-0"]
[WhiteElo "2321"]
[BlackElo "2189"]
[PlyCount "99"]
[EventDate "2002.03.30"]
[EventType "swiss"]
[EventRounds "11"]
[EventCountry "BAN"]
[SourceTitle "CBM 087 Extra"]
[Source "ChessBase"]
[SourceDate "2002.05.03"]
[SourceVersion "2"]
[SourceVersionDate "2002.08.09"]
[SourceQuality "1"]

1. Nf3 d5 2. g3 Nf6 3. Bg2 e6 4. 0-0 Be7 5. b3 0-0 6. Bb2 Nbd7 7. d3 b6 8. c4 Bb7 9. cxd5 exd5 10. Nc3 Re8 11. Re1 Bb4 12. a3 Bf8 13. Qc2 a5 14. e4 Nc5 15. e5 Ng4 16. d4 Ne6 17. h3 Nh6 18. Rad1 g6 19. Bc1 Nf5 20. g4 Nfg7 21. Nh2 c6 22. Qd3 f5 23. Qg3 Be7 24. Ne2 Rf8 25. Nf4 Nxf4 26. Bxf4 Bh4 27. Qe3 g5 28. Bg3 f4 29. Qc3 Bxg3 30. fxg3 Ne6 31. gxf4 Rxf4 32. Nf1 Qf8 33. Ng3 Qxa3 34. Nh5 Rf7 35. Nf6+ Kh8 36. h4 a4 37. hxg5 Qxb3 38. Qd2 Rg7 39. Re3 Qb5 40. Rh3 Nf8 41. Bf1 Qa5 42. Qc2 Qb4 43. Rd2 Ra7 44. Kh1 a3 45. Rdh2 Ba8 46. Qf5 a2 47. g6 Qe7 48. Nxh7 Nxh7 49. Rxh7+ Rxh7 50. Qc8+ 1-0

[Event "Dhaka New White Plus op"]
[Site "Dhaka"]
[Date "2002.04.03"]
[Round "5"]
[White "Abu Sufian, Sakil"]
[Black "Kabir, S Ruhul"]
[Result "1/2-1/2"]
[WhiteElo "2219"]
[BlackElo "2189"]
[PlyCount "109"]
[EventDate "2002.03.30"]
[EventType "swiss"]
[EventRounds "11"]
[EventCountry "BAN"]
[SourceTitle "CBM 087 Extra"]
[Source "ChessBase"]
[SourceDate "2002.05.03"]
[SourceVersion "2"]
[SourceVersionDate "2002.08.09"]
[SourceQuality "1"]

1. e4 e5 2. Nf3 Nc6 3. Bb5 a6 4. Ba4 Nf6 5. 0-0 b5 6. Bb3 Bc5 7. c3 d6 8. d4 Bb6 9. dxe5 Nxe5 10. Nxe5 dxe5 11. Qxd8+ Kxd8 12. Bg5 Ke7 13. Nd2 h6 14. Bh4 g5 15. Bg3 Nd7 16. Bd5 Rb8 17. Rfe1 f6 18. b4 Bb7 19. Bxb7 Rxb7 20. Nf1 h5 21. h3 Ra8 22. a4 c6 23. Ra2 a5 24. axb5 cxb5 25. bxa5 h4 26. Bh2 Rba7 27. g3 Rxa5 28. Rb2 Ra2 29. Ree2 Rxb2 30. Rxb2 Rc8 31. gxh4 gxh4 32. Kg2 Rxc3 33. Rxb5 Rc2 34. Bg1 Bd4 35. Kf3 Rc1 36. Kg2 Nc5 37. f3 Bxg1 38. Kxg1 Nd3 39. Rb7+ Ke6 40. Rh7 Ne1 41. Kf2 Nxf3 42. Kxf3 Rxf1+ 43. Ke3 Rf4 44. Rh5 Kf7 45. Rh7+ Kg6 46. Rh8 f5 47. exf5+ Kf6 48. Rf8+ Ke7 49. Rh8 Kf6 50. Rf8+ Kg5 51. Rg8+ Kxf5 52. Rf8+ Kg5 53. Rg8+ Kf5 54. Rf8+ Kg5 55. Rg8+ 1/2-1/2

[Event "Dhaka New White Plus op"]
[Site "Dhaka"]
[Date "2002.03.30"]
[Round "1"]
[White "Kabir, S Ruhul"]
[Black "Hossain, Enamul"]
[Result "0-1"]
[WhiteElo "2189"]
[BlackElo "2426"]
[PlyCount "46"]
[EventDate "2002.03.30"]
[EventType "swiss"]
[EventRounds "11"]
[EventCountry "BAN"]
[SourceTitle "CBM 087 Extra"]
[Source "ChessBase"]
[SourceDate "2002.05.03"]
[SourceVersion "2"]
[SourceVersionDate "2002.08.09"]
[SourceQuality "1"]

1. c4 c5 2. Nf3 Nc6 3. Nc3 e5 4. e3 Nf6 5. d4 cxd4 6. exd4 e4 7. Ng5 Bb4 8. d5 Ne5 9. Qd4 d6 10. Ngxe4 Nxe4 11. Qxe4 0-0 12. Be2 f5 13. Qf4 Ng6 14. Qg5 Qe8 15. Qe3 Ne5 16. 0-0 f4 17. Qe4 Bxc3 18. bxc3 Bf5 19. Qd4 f3 20. Bd1 fxg2 21. Re1 Nf3+ 22. Bxf3 Qxe1+ 23. Kxg2 Bh3+ 0-1

[Event "Goodricke op 10th"]
[Site "Kolkata"]
[Date "1999.02.13"]
[Round "8"]
[White "Girinath, PDS"]
[Black "Kabir, S Ruhul"]
[Result "1-0"]
[WhiteElo "2315"]
[BlackElo "2250"]
[PlyCount "129"]
[EventDate "1999.02.06"]
[EventType "swiss"]
[EventRounds "11"]
[EventCountry "IND"]
[SourceTitle "CBM 069 Extra"]
[Source "ChessBase"]
[SourceDate "1999.05.10"]
[SourceVersion "1"]
[SourceVersionDate "1999.05.10"]
[SourceQuality "1"]

1. e4 c5 2. Nf3 Nc6 3. d3 g6 4. g3 Bg7 5. Bg2 d6 6. 0-0 e5 7. c3 Nge7 8. a3 0-0 9. b4 b6 10. Bb2 h6 11. Re1 Rb8 12. Nbd2 f5 13. exf5 gxf5 14. Nh4 Be6 15. f4 Qd7 16. Qe2 Rbe8 17. b5 Nd8 18. c4 exf4 19. Bxg7 Kxg7 20. gxf4 Kh7 21. Kh1 Rg8 22. d4 Ng6 23. Nxg6 Rxg6 24. Qf2 cxd4 25. Qxd4 Reg8 26. Bf3 Qe7 27. Rg1 Bc8 28. Bd5 Ne6 29. Qf2 R8g7 30. Rxg6 Rxg6 31. Re1 Qg7 32. Nb3 Rg4 33. Bxe6 Bxe6 34. h3 Rg3 35. Kh2 Rg6 36. Nd4 Bc8 37. Nc6 Re6 38. Rg1 Qf8 39. Qg2 Bb7 40. Qd5 Qf6 41. Rg2 Re8 42. a4 Re6 43. a5 Bxc6 44. bxc6 Re8 45. axb6 axb6 46. Ra2 Re7 47. Rg2 Re8 48. Re2 Rg8 49. c7 Rc8 50. Qb7 Qf8 51. Qxb6 Qf7 52. Qxd6 Rxc7 53. c5 Rd7 54. Qe6 Qxe6 55. Rxe6 Rd2+ 56. Kg3 Rc2 57. c6 Rc3+ 58. Kg2 Rc2+ 59. Kf3 Rc3+ 60. Ke2 Rc4 61. Kd3 Rc1 62. Kd4 Kg7 63. Ke5 Rc5+ 64. Kd6 Rc1 65. Kd7 1-0

[Event "Goodricke op 10th"]
[Site "Kolkata"]
[Date "1999.02.11"]
[Round "6"]
[White "Ganguly, Surya Shekhar"]
[Black "Kabir, S Ruhul"]
[Result "1-0"]
[WhiteElo "2340"]
[BlackElo "2250"]
[PlyCount "107"]
[EventDate "1999.02.06"]
[EventType "swiss"]
[EventRounds "11"]
[EventCountry "IND"]
[SourceTitle "CBM 069 Extra"]
[Source "ChessBase"]
[SourceDate "1999.05.10"]
[SourceVersion "1"]
[SourceVersionDate "1999.05.10"]
[SourceQuality "1"]

1. e4 c5 2. Nf3 Nc6 3. d4 cxd4 4. Nxd4 Qc7 5. Nc3 e6 6. Ndb5 Qb8 7. Be3 a6 8. Bb6 axb5 9. Nxb5 Bb4+ 10. c3 Ba5 11. Nc7+ Kf8 12. Nxa8 Qxa8 13. Qd6+ Nge7 14. Qa3 Qb8 15. Bxa5 Qe5 16. Bb6 Qxe4+ 17. Be3 f5 18. 0-0-0 Kf7 19. Bc5 Ng6 20. f3 Qf4+ 21. Kb1 d5 22. Bb5 Rd8 23. Bb6 Rd7 24. Qa8 Nge7 25. a4 Qd6 26. Rd2 Ne5 27. a5 N5c6 28. Re1 e5 29. Rde2 e4 30. Rd1 Qe6 31. fxe4 dxe4 32. Rxd7 Qxd7 33. Kc1 Qd5 34. Bxc6 Qxc6 35. Qb8 Nd5 36. Qe5 Nb4 37. Qc7+ Qxc7 38. Bxc7 Nd3+ 39. Kc2 Be6 40. Re3 Bd5 41. g3 g5 42. Rxd3 exd3+ 43. Kxd3 Ke7 44. c4 Bg2 45. Kd4 Kd7 46. Be5 Ke6 47. b4 h5 48. b5 Bf3 49. c5 Be2 50. c6 bxc6 51. bxc6 Bf3 52. Kc5 Be2 53. Kb6 f4 54. c7 1-0

[Event "Olympiad-33"]
[Site "Elista"]
[Date "1998.10.09"]
[Round "10.4"]
[White "Kabir, S Ruhul"]
[Black "Petkevich, Jusefs"]
[Result "0-1"]
[WhiteElo "2165"]
[BlackElo "2460"]
[PlyCount "94"]
[EventDate "1998.09.29"]
[EventType "team-swiss"]
[EventRounds "13"]
[EventCountry "RUS"]
[SourceTitle "CBM 068"]
[Source "ChessBase"]
[SourceDate "1999.02.01"]
[SourceVersion "1"]
[SourceVersionDate "1999.02.01"]
[SourceQuality "1"]
[WhiteTeam "Bangladesh"]
[BlackTeam "Latvia"]
[WhiteTeamCountry "BAN"]
[BlackTeamCountry "LAT"]

1. e4 c5 2. c3 Nf6 3. e5 Nd5 4. d4 cxd4 5. Nf3 e6 6. cxd4 b6 7. Nc3 Nxc3 8. bxc3 Bb7 9. Bd3 Qc7 10. Bd2 d6 11. 0-0 Nd7 12. Ng5 g6 13. Qg4 dxe5 14. Rfe1 Be7 15. dxe5 a6 16. Qf4 Bxg5 17. Qxg5 h6 18. Qg3 Nc5 19. Bc2 0-0-0 20. Be3 Rd5 21. Bd4 Qc6 22. a4 f5 23. f3 g5 24. Qf2 g4 25. f4 h5 26. Red1 h4 27. c4 Rdd8 28. Bxc5 bxc5 29. Rd6 Rxd6 30. exd6 h3 31. Rd1 Qxg2+ 32. Qxg2 hxg2 33. a5 Bc6 34. Rb1 Kd7 35. Rd1 Rh3 36. Rd3 Rxd3 37. Bxd3 Kxd6 38. Bc2 Ke7 39. Kf2 Kf6 40. Bb3 e5 41. fxe5+ Kxe5 42. Bc2 Kf4 43. Bd1 Kg5 44. Bc2 f4 45. Bh7 Kh4 46. Bf5 Kh3 47. Be6 Kxh2 0-1